00906nam 2200253 a 4500001000800000005001700008008004100025035002100066906004500087010001700132020002200149040001800171050002200189082001600211100002100227245015400248260005900402300004100461500002000502650001600522700002600538991006100564099002700625382637419871223000000.0860415s1986 caua 001 0 eng  9(DLC) 86070960 a7bcbccorignewd3eopcnf19gy-gencatlg a 86070960  a0835117707 (pbk.) aDLCcDLCdDLC00aTT870b.T462 198600a736/.982191 aTemko, Florence.10aPaper pandas and jumping frogs /cby Florence Temko ; illustrations by Paul Jackson and Florence Temko ; photos by Richard Peterson and David Friend. aSan Francisco, CA :bChina Books & Periodicals,c1986. a135 p. :bill. (some col.) ;c28 cm. aIncludes index. 0aPaper work.1 aJackson, Paul,d1952- bc-GenCollhTT870i.T462 1986p00012269122tCopy 1wBOOKS atemko-paper-1071930429